Liquidación de la sociedad conyugal por causa de divorcio (Registro nro. 1674)

Detalles MARC
000 -LEADER
fixed length control field 01164 a2200205 4500
001 - CONTROL NUMBER
control field 28215
005 - DATE AND TIME OF LATEST TRANSACTION
control field 20260407155554.0
008 - FIXED-LENGTH DATA ELEMENTS--GENERAL INFORMATION
fixed length control field 260407a1982 arg spa d
003 - CONTROL NUMBER IDENTIFIER
control field AR-UNSa-BCEJYS
040 ## - CATALOGING SOURCE
Original cataloging agency AR-UNSa-BCEJYS
Language of cataloging spa
Transcribing agency AR-UNSa-BCEJYS
080 ## - UNIVERSAL DECIMAL CLASSIFICATION NUMBER
Universal Decimal Classification number 347.626.97
Common auxiliary subdivision Liquidación de gananciales. Disolución de la comunidad. Participación en el procedimiento. Restitución de la propiedad compartida
100 1# - MAIN ENTRY--PERSONAL NAME
Personal name Escribano, Carlos
245 10 - TITLE STATEMENT
Title Liquidación de la sociedad conyugal por causa de divorcio
Name of part/section of a work (procedimiento)
250 ## - EDITION STATEMENT
Edition statement 2a. ed.
264 #1 - PRODUCTION, PUBLICATION, DISTRIBUTION, MANUFACTURE, AND COPYRIGHT NOTICE
Place of production, publication, distribution, manufacture Buenos Aires :
Name of producer, publisher, distributor, manufacturer La Ley
Date of production, publication, distribution, manufacture, or copyright notice 1982
300 ## - PHYSICAL DESCRIPTION
Extent xv, 166 p.
Dimensions 24 cm.
505 ## - FORMATTED CONTENTS NOTE
Formatted contents note 1. Pautas legales para la liquidación de la sociedad conyugal por causa de divorcio - 2. Restitución de los bienes propios - 3. Liquidación simultanea de sociedades sucesicas o superpuestas - 4. El transito hacia la partición - 5. Liquidación privada - 6. Partición mixta - 8. Liquidación judicial: generalidades - 9. Liquidación judicial: inventario y avalúo - 10. Liquidación judicial: administración - 11. Liquidación judicial: La partición
590 ## - LOCAL NOTE (RLIN)
Local note niveau_biblio:m niveau_hierar:0
942 ## - ADDED ENTRY ELEMENTS (KOHA)
Koha item type
Existencias
Withdrawn status Lost status Damaged status Not for loan Home library Current library Shelving location Date acquired Total checkouts Full call number Barcode Date last seen Price effective from Koha item type
        Biblioteca Prof. Eusebio Cleto del Rey Biblioteca Prof. Eusebio Cleto del Rey   07/04/2026   347.626.97 E74 2ed. L119967 07/04/2026 07/04/2026 Libro